Обществото Джейн Остин (Запис номер 489829)
[ съкратено ]
| 000 -Лидер | |
|---|---|
| Контролно поле с фиксирана дължина | 01130aam a2200289 a 4500 |
| 003 - Код на организацията, давaща контролен номер | |
| Контролно поле | BLK |
| 005 - Дата и час на последна редакция | |
| Контролно поле | 20250625173512.0 |
| 008 - Елементи от данни с фиксирана дължина | |
| fixed length control field | 180531b bul||||| |||| 00| 0 bul d |
| 020 ## - Международен стандартен номер на книга ISBN | |
| Международен стандартен номер на книга ISBN | 9789542622154 |
| 040 ## - Източник на каталожния запис | |
| Идентификатор на билиотеката - собственик на записа | BLK |
| 041 ## - Код за език | |
| Код за езика на текст/звукозапис или на отделно заглавие | Български |
| Код за езика КДБФ | Български |
| 080 ## - УДК | |
| Текстов определител УДК | Англоканадска литература |
| УДК код - определител по УДК | 821.111(71) |
| УДК определител | -31 |
| УДК - код + определител | 821.111(71)-31 |
| 100 ## - Редна дума - Автор | |
| Автор | Дженър, Натали |
| Авторска отговорност | първи автор |
| R(LIN) | 486858 |
| 139 ## - Редно поле | |
| Редна дума | Дженър, Натали |
| Авторски знак | Дже - Д 50 |
| 245 ## - Сведения за заглавието | |
| Заглавие | Обществото Джейн Остин |
| Подзаглавни данни | роман |
| Редно поле (дума) | Натали Дженър ; прев. от англ. Мария Демирева. |
| 260 ## - Област на издателските данни | |
| Място на издаване, разпространение и проч. | Пловдив |
| Име на издателя, разпространителя и проч. | Хермес |
| Година на издаване | 2022 |
| Печатница | София : Алианс принт |
| 300 ## - Физическа характеристика | |
| Страници | 328 с. |
| Размери/Мащаб | 20 см |
| 380 ## - Жанр | |
| Жанр | Худож. лит. |
| 500 ## - Общи забележки | |
| Забележка | Ориг. загл.: The Jane Austen society / Natalie Jennern. |
| 700 1# - Други автори (авторска отговорност) | |
| Лично име | Демирева, Мария Петрова |
| Дати, свързани с автора | 1984 - |
| 9 (RLIN) | 59801 |
| 765 ## - Описание на заглавието на оригиналният език | |
| Редна дума на основното описание | The Romantics |
| Поясняваща информация | Konen, Leah |
| 852 ## - Местоположение | |
| Форматна сигнатура | Цб 316970 |
| Фондова буква | Хранилище |
| 856 ## - Електронен адрес и достъп | |
| Инструкция (цена за достъп) | 0.00 |
| Права за достъп | disable |
| 999 ## - СИСТЕМНИ КОНТРОЛНИ НОМЕРА | |
| Koha biblionumber | 489829 |
| Koha biblioitemnumber | 489829 |
| 942 ## - АРТИКУЛИ | |
| Вид на библиотечния материал | Книги |
| Източник на класификационната схема | Universal Decimal Classification |
| Скрит в OPAC | Не |
| Периодичен библиозапис | Да |
| Koha issues (borrowed), all copies | 11 |
| 944 ## - СЪЗДАВАНЕ И РЕДАКЦИЯ на ЗАПИСА | |
| Създаване/Редакция | Създаване |
| Дата на регистрацията/редакция | 2023-03-22 |
| Служител, извършил регистрацията/редакцията | 30535 |
| Статус, дата на статуса | Христина Везирева |
| 999 ## - СИСТЕМНИ КОНТРОЛНИ НОМЕРА | |
| Koha biblioitemnumber | 489829 |
| Код за отписване | Код за изгубен артикул | Източник на класификационната схема | Код за повреда | Коз за рестрикции | Код за отдаване | Артикулен № | Име на библиотеката - собственик | Име на библиотеката, в която се намира в момента | Статус (Текущо местоположение) | Дата на вписване в системата | Местоположение - отдел | Цена в лева | Инвентарен номер | Систематично азбучна сигнатура | Баркод | Цена в евро | Служебен тип на артикула |
|---|---|---|---|---|---|---|---|---|---|---|---|---|---|---|---|---|---|
| Не е изгубен | Universal Decimal Classification | Не е повреден | само за читалня | ползва се в читалня | 925200 | Регионална библиотека "Любен Каравелов" Русе | Регионална библиотека "Любен Каравелов" Русе | Хранилище | 2023-03-27 | Хранилище | 17.95 | 120000884371 | Цб 316970 | 120000884371 | 9.18 | Книги | |
| Не е изгубен | Universal Decimal Classification | Не е повреден | без рестрикции | заемане за дома | 926540 | Регионална библиотека "Любен Каравелов" Русе | Регионална библиотека "Любен Каравелов" Русе | Заемна - подръчен фонд | 2023-04-03 | Заемна - подръчен фонд | 12.57 | 120000885671 | 821-31/Д 50 Н | 120000885671 | 6.43 | Книги |